| 000 | 00393cam a2200169ua 4500 | ||
|---|---|---|---|
| 001 | 5279 | ||
| 008 | 191126n1992 II |||gr||||Z||||||asm | ||
| 040 | _aMAIN | ||
| 041 | _aEnglish | ||
| 041 | _aasm | ||
| 082 | _a370.15 KAK | ||
| 100 | _aKAKATI, SACHITRA. | ||
| 245 | _aSISHATATTWA MANUBIGYAN ARU PARISOI | ||
| 260 |
_aGUWAHATI _bJYOTI PRAKASHAN _c1992 |
||
| 300 |
_a216: _c22CM. |
||
| 942 | _cBK | ||
| 999 |
_c5264 _d5264 |
||